000 00590cam a22002053a 4500
001 46053
003 PGUSA
005 20140828084058.0
008 140620s2014||||xxu|||||s|||||000 | eng d
040 _aPGUSA
_beng
042 _adc
100 1 _aGerstäcker, Friedrich,
_d1816-1872
245 1 0 _aDer Kunstreiter, 1. Band
_h[electronic resource] /
_cFriedrich Gerstäcker
260 _bProject Gutenberg,
_c2014
506 _aPublic domain in the USA.
516 _aElectronic text
830 0 _aProject Gutenberg
_v46053
856 4 0 _uhttp://www.gutenberg.org/ebooks/46053
942 _cEB
999 _c275302
_d275302